000
00332nam a2200145Ia 4500
008
150201s2005 xx 000 0 und d
082
_a
603
_b
I2005G
100
_a
GUPTA,L.C.
245
_a
ILLUSTRATED NURSES DICTIONARY
250
_a
2ND
260
_b
AITBS
_a
DELHI
_c
2005
300
_a
1-624
650
_a
NURSING
942
_2
ddc
_c
BK
999
_c
4047
_d
4047